[Event "21st Abu Dhabi Masters 2014"]
[Site "Abu Dhabi UAE"]
[Date "2014.08.23"]
[Round "3.11"]
[White "Ghosh, Diptayan"]
[Black "Amin, Bassem"]
[Result "1/2-1/2"]
[WhiteTitle "IM"]
[BlackTitle "GM"]
[WhiteElo "2473"]
[BlackElo "2627"]
[WhiteFideId "5045207"]
[BlackFideId "10601457"]
[EventDate "2014.08.20"]

1. d4 e6 2. c4 Nf6 3. g3 Bb4+ 4. Bd2 c5 5. Bxb4 cxb4 6. Bg2 O-O 7. Nf3 d6 8. O-O
a5 9. Qd3 Nc6 10. d5 exd5 11. cxd5 Ne7 12. e4 Nd7 13. Nbd2 Ng6 14. Qd4 f6 15. a3
bxa3 16. Rxa3 Nge5 17. Rfa1 b5 18. b4 a4 19. Bf1 Ba6 20. Nh4 Rc8 21. Nf5 Nb6 22.
f4 Nf7 23. Qf2 Re8 24. Nd4 Qd7 25. Nc6 Qb7 26. Bh3 Rc7 27. Na5 Qb8 28. Nc6 Qb7
29. Na5 Qb8 30. Nc6 Qb7 1/2-1/2

[Event "21st Abu Dhabi Masters 2014"]
[Site "Abu Dhabi UAE"]
[Date "2014.08.23"]
[Round "3.12"]
[White "Burmakin, Vladimir"]
[Black "Karthikeyan, Murali"]
[Result "1/2-1/2"]
[WhiteTitle "GM"]
[BlackTitle "IM"]
[WhiteElo "2593"]
[BlackElo "2462"]
[WhiteFideId "4105109"]
[BlackFideId "5074452"]
[EventDate "2014.08.20"]

1. Nf3 d5 2. c4 c6 3. e3 Nf6 4. Nc3 a6 5. b3 Bg4 6. Be2 Nbd7 7. d4 e6 8. O-O b5
9. Ne1 Bxe2 10. Qxe2 Bd6 11. Nd3 O-O 12. c5 Bc7 13. f4 Ne4 14. Nxe4 dxe4 15. Ne5
Bxe5 16. fxe5 f6 17. exf6 Nxf6 18. Bd2 Qd5 19. Be1 Nd7 20. Bg3 Rxf1+ 21. Rxf1
Rf8 22. Rxf8+ Kxf8 23. Bd6+ Kf7 24. h3 Qf5 25. g4 Qg6 26. Qf2+ Nf6 27. Be5 h5
28. Bxf6 gxf6 29. Qf4 hxg4 30. hxg4 f5 31. Kf2 Qxg4 32. Qxg4 fxg4 33. Kg3 e5 34.
dxe5 Ke6 35. Kxg4 Kxe5 36. b4 Kd5 37. Kf5 Kc4 38. Kxe4 Kxb4 39. Kd4 Ka3 40. e4
Kxa2 41. e5 b4 42. e6 b3 43. e7 b2 44. e8=Q b1=Q 45. Qxc6 Qb4+ 46. Ke5 a5 47.
Qd5+ 1/2-1/2

[Event "21st Abu Dhabi Masters 2014"]
[Site "Abu Dhabi UAE"]
[Date "2014.08.23"]
[Round "3.13"]
[White "Iordachescu, Viorel"]
[Black "Gagare, Shardul"]
[Result "1-0"]
[WhiteTitle "GM"]
[BlackTitle "IM"]
[WhiteElo "2589"]
[BlackElo "2421"]
[WhiteFideId "13900200"]
[BlackFideId "5037883"]
[EventDate "2014.08.20"]

1. e4 c6 2. d4 d5 3. e5 Bf5 4. Nf3 e6 5. Be2 c5 6. Be3 Qb6 7. Nc3 Nc6 8. dxc5
Bxc5 9. Bxc5 Qxc5 10. Nb5 Nge7 11. Nc7+ Kd7 12. Nxa8 Qxc2 13. Qxc2 Bxc2 14. Bb5
Rxa8 15. Nd4 Bg6 16. Kd2 a6 17. Bxc6+ Nxc6 18. Nxc6 bxc6 19. h4 Rb8 20. h5 Bf5
21. b3 Rb4 22. f3 h6 23. Rac1 f6 24. exf6 gxf6 25. Rc5 e5 26. Ra5 Rb6 27. g4 Be6
28. b4 Rxb4 29. Rxa6 d4 30. Ra7+ Kd6 31. Rh7 Rb2+ 32. Kc1 Rxa2 33. Kb1 Rf2 34.
Rxh6 Rxf3 35. g5 fxg5 36. Rg6 Kd5 37. Kc1 Bf7 38. Rxg5 Bxh5 39. Rgxh5 Rf6 40.
Kd2 c5 41. Rd1 Rf2+ 42. Ke1 Rb2 43. Rh8 1-0

[Event "21st Abu Dhabi Masters 2014"]
[Site "Abu Dhabi UAE"]
[Date "2014.08.23"]
[Round "3.14"]
[White "Shyam, Sundar M."]
[Black "Volkov, Sergey"]
[Result "0-1"]
[WhiteTitle "GM"]
[BlackTitle "GM"]
[WhiteElo "2468"]
[BlackElo "2583"]
[WhiteFideId "5019141"]
[BlackFideId "4122763"]
[EventDate "2014.08.20"]

1. e4 e6 2. Qe2 Nf6 3. g3 d5 4. exd5 Bd6 5. dxe6 Bxe6 6. Bh3 O-O 7. Bxe6 Re8 8.
d4 Rxe6 9. Be3 c5 10. Nf3 Nc6 11. c3 cxd4 12. cxd4 Bb4+ 13. Nc3 Nd5 14. Rc1 Qe7
15. O-O Bxc3 16. bxc3 Nxe3 17. fxe3 Rxe3 18. Qc4 Re8 19. Rce1 h6 20. a4 a6 21.
Kg2 Re2+ 22. Rxe2 Qxe2+ 23. Qxe2 Rxe2+ 24. Rf2 Re3 25. Rc2 Kf8 26. Kf2 Re7 27.
d5 Na5 28. c4 Ke8 29. c5 Re4 30. c6 bxc6 31. dxc6 Kd8 32. Rc5 Rxa4 33. c7+ Kc8
34. Ne5 Ra2+ 35. Kg1 Nb7 36. Rc4 0-1

[Event "21st Abu Dhabi Masters 2014"]
[Site "Abu Dhabi UAE"]
[Date "2014.08.23"]
[Round "3.17"]
[White "Ankit, R. Rajpara"]
[Black "Asgarizadeh, Ahmad"]
[Result "1-0"]
[WhiteTitle "GM"]
[WhiteElo "2509"]
[BlackElo "2335"]
[WhiteFideId "5023335"]
[BlackFideId "12505684"]
[EventDate "2014.08.20"]

1. e4 e5 2. Nf3 Nc6 3. Bb5 Nf6 4. d3 Bc5 5. c3 O-O 6. Bg5 Re8 7. Nbd2 h6 8. Bh4
a6 9. Ba4 Be7 10. Nf1 d5 11. Qe2 b5 12. Bb3 Be6 13. Ne3 dxe4 14. dxe4 Bxb3 15.
Bxf6 Be6 16. Bxe5 Nxe5 17. Nxe5 Bd6 18. Nf3 Qf6 19. O-O Qf4 20. Qc2 Bd7 21. Nf5
Bc6 22. Nxd6 cxd6 23. Nd4 Bxe4 24. Qc1 Qf6 25. Qd2 Re5 26. a4 Rae8 27. axb5 axb5
28. f3 Bd5 29. Rf2 Qg6 30. Rd1 Re3 31. b3 h5 32. Rc1 Rd3 33. Qc2 b4 34. Ne2 bxc3
35. Nf4 Bxb3 36. Qxd3 1-0

[Event "21st Abu Dhabi Masters 2014"]
[Site "Abu Dhabi UAE"]
[Date "2014.08.23"]
[Round "3.18"]
[White "Rasulov, Vugar"]
[Black "Lorparizangeneh, Shahin"]
[Result "1/2-1/2"]
[WhiteTitle "GM"]
[BlackTitle "FM"]
[WhiteElo "2509"]
[BlackElo "2277"]
[WhiteFideId "13402390"]
[BlackFideId "12521604"]
[EventDate "2014.08.20"]

1. e4 c6 2. Nc3 d5 3. Qf3 dxe4 4. Nxe4 Nf6 5. Nxf6+ exf6 6. Bc4 Nd7 7. d4 Nb6 8.
Qe4+ Be7 9. Bb3 f5 10. Qd3 O-O 11. Nf3 Bb4+ 12. c3 Re8+ 13. Be3 Bd6 14. O-O f4
15. Bd2 Qf6 16. Ne5 Be6 17. Rfe1 Rad8 18. Bxe6 Rxe6 19. Nf3 Qg6 20. Qxg6 Rxe1+
21. Rxe1 hxg6 22. Re4 f6 23. h4 Nc4 24. Bc1 b5 25. Kf1 Kf7 26. Ke1 a5 27. Kd1 a4
28. Kc2 Ra8 29. Kd3 Ra7 30. b3 axb3 31. axb3 Na5 32. Kc2 Re7 33. Rxe7+ Kxe7 34.
Bd2 Bc7 35. Ne1 Ke6 36. Nd3 Kf5 37. f3 g5 38. hxg5 fxg5 39. Nc5 Bb6 40. c4 bxc4
41. Bxa5 Bxa5 42. bxc4 Bb6 43. Nb3 g4 44. c5 Bc7 45. Kd3 gxf3 46. gxf3 g5 47.
Nd2 g4 48. fxg4+ Kxg4 49. Ke4 1/2-1/2

[Event "21st Abu Dhabi Masters 2014"]
[Site "Abu Dhabi UAE"]
[Date "2014.08.23"]
[Round "3.19"]
[White "Primbetov, Kazbek"]
[Black "Neverov, Valeriy"]
[Result "0-1"]
[BlackTitle "GM"]
[WhiteElo "2256"]
[BlackElo "2498"]
[WhiteFideId "13702297"]
[BlackFideId "14100150"]
[EventDate "2014.08.20"]

1. e4 c5 2. Nf3 d6 3. d4 cxd4 4. Nxd4 Nf6 5. Nc3 a6 6. a4 g6 7. Be2 Bg7 8. Be3
O-O 9. a5 Nc6 10. Nb3 Be6 11. Bb6 Qc8 12. f4 Nd7 13. Na4 Qe8 14. c3 Nxb6 15.
Nxb6 Rd8 16. O-O f5 17. Nd2 Kh8 18. Qe1 Bg8 19. Bd3 e6 20. Qh4 Bf6 21. Qh3 Qe7
22. Ra3 Bg7 23. exf5 exf5 24. Raa1 d5 25. Nb3 Qc7 26. Kh1 Nxa5 27. Nxa5 Qxb6 28.
Rfb1 Rfe8 29. Bf1 Re4 30. Qf3 Qc7 31. g3 d4 32. c4 b6 33. Nb3 Re3 34. Qd1 b5 0-1

[Event "21st Abu Dhabi Masters 2014"]
[Site "Abu Dhabi UAE"]
[Date "2014.08.23"]
[Round "3.20"]
[White "Grover, Sahaj"]
[Black "Hejazipour, Mitra"]
[Result "1-0"]
[WhiteTitle "GM"]
[BlackTitle "WIM"]
[WhiteElo "2492"]
[BlackElo "2269"]
[WhiteFideId "5021103"]
[BlackFideId "12505951"]
[EventDate "2014.08.20"]

1. e4 c5 2. Nf3 e6 3. d4 cxd4 4. Nxd4 a6 5. Nc3 Qc7 6. Bd3 Nf6 7. Qe2 d6 8. f4
Nbd7 9. g4 h6 10. Bd2 Be7 11. O-O-O Nc5 12. h4 h5 13. g5 Ng4 14. Kb1 b5 15. Rde1
Bb7 16. Rhf1 Nxd3 17. cxd3 Qb6 18. Nf3 b4 19. Nd1 d5 20. e5 g6 21. Ne3 a5 22.
Nxg4 hxg4 23. Nh2 g3 24. Nf3 d4 25. Rc1 Bd5 26. Be1 Rb8 27. Nd2 b3 28. a3 Rxh4
29. Bxg3 Rh3 30. Qg4 Rh8 31. Nc4 Qb5 32. Bf2 Rh2 33. Qg3 Rg2 34. Qh3 Kd7 35. Nd6
Bxd6 36. exd6 Kxd6 37. Bxd4 Kd7 38. Rc5 Qb7 39. Qh7 Rf8 40. Qg7 Qa6 41. Rd1 Ke7
42. Rxd5 1-0

[Event "21st Abu Dhabi Masters 2014"]
[Site "Abu Dhabi UAE"]
[Date "2014.08.23"]
[Round "3.22"]
[White "Berescu, Alin-Mile"]
[Black "Khouri, Ibrahim Mohamed"]
[Result "1-0"]
[WhiteTitle "GM"]
[BlackTitle "FM"]
[WhiteElo "2458"]
[BlackElo "2225"]
[WhiteFideId "1204920"]
[BlackFideId "9301526"]
[EventDate "2014.08.20"]

1. Nf3 Nf6 2. c4 e6 3. b3 d5 4. Bb2 Be7 5. e3 O-O 6. Nc3 c5 7. cxd5 exd5 8. d4
Nc6 9. Be2 Re8 10. O-O Bg4 11. dxc5 Bxc5 12. Nb5 Ne4 13. Nbd4 Qe7 14. Rc1 Rac8
15. Nxc6 bxc6 16. Ne5 Bxe2 17. Qxe2 f6 18. Nxc6 Rxc6 19. b4 Qc7 20. bxc5 Rxc5
21. Rxc5 Qxc5 22. Rc1 Qa5 23. Bd4 Rb8 24. f3 Ng5 25. Rc5 Qb4 26. Rxd5 Qb1+ 27.
Kf2 Qh1 28. Rxg5 fxg5 29. Qc4+ Kf8 30. Bc5+ 1-0

[Event "21st Abu Dhabi Masters 2014"]
[Site "Abu Dhabi UAE"]
[Date "2014.08.23"]
[Round "3.23"]
[White "Calzetta Ruiz, Monica"]
[Black "Raetsky, Alexander"]
[Result "0-1"]
[WhiteTitle "WGM"]
[BlackTitle "GM"]
[WhiteElo "2221"]
[BlackElo "2426"]
[WhiteFideId "2204185"]
[BlackFideId "4103203"]
[EventDate "2014.08.20"]

1. e4 c5 2. Nf3 Nc6 3. d4 cxd4 4. Nxd4 Nf6 5. Nc3 d6 6. Bg5 e6 7. Qd2 a6 8.
O-O-O h6 9. Nxc6 bxc6 10. Bf4 d5 11. Qe3 Bb4 12. Be2 O-O 13. e5 Nh7 14. h4 Qa5
15. Rh3 Kh8 16. Rg3 Bc5 17. Qf3 Ra7 18. Bd3 f5 19. exf6 Rxf6 20. Qg4 Qb4 21. Be5
Qxg4 22. Rxg4 Rxf2 23. b4 Nf6 24. Rg6 Bxb4 25. Bd4 Ba3+ 26. Kb1 Rb7+ 27. Nb5 Rf4 0-1

[Event "21st Abu Dhabi Masters 2014"]
[Site "Abu Dhabi UAE"]
[Date "2014.08.23"]
[Round "3.24"]
[White "Meszaros, Tamas"]
[Black "Kryvoruchko, Vita"]
[Result "1-0"]
[WhiteTitle "IM"]
[BlackTitle "WGM"]
[WhiteElo "2422"]
[BlackElo "2185"]
[WhiteFideId "717410"]
[BlackFideId "14108917"]
[EventDate "2014.08.20"]

1. e4 c5 2. Nf3 d6 3. Bb5+ Bd7 4. c4 Nf6 5. Nc3 Nc6 6. O-O e6 7. d4 cxd4 8. Nxd4
Be7 9. b3 O-O 10. Bxc6 bxc6 11. Nf3 Qa5 12. Bd2 Qh5 13. e5 Ng4 14. exd6 Bxd6 15.
h3 Ne5 16. Ng5 Qxd1 17. Raxd1 Rad8 18. Nce4 Bc7 19. Bb4 Rfe8 20. Nd6 Bxd6 21.
Bxd6 f6 22. Bxe5 fxe5 23. Rd6 Bc8 24. Rfd1 Rxd6 25. Rxd6 h6 26. Ne4 Kf8 27. Nc5
Ke7 28. Rxc6 Rd8 29. b4 Rd1+ 30. Kh2 Kd8 31. Nxe6+ Bxe6 32. Rxe6 Rd4 33. Rxe5
Rxc4 34. Ra5 Rc7 35. Ra6 1-0

[Event "21st Abu Dhabi Masters 2014"]
[Site "Abu Dhabi UAE"]
[Date "2014.08.23"]
[Round "3.25"]
[White "Ramnath Bhuvanesh, R"]
[Black "Janahi, Zeyaad"]
[Result "1-0"]
[WhiteTitle "IM"]
[BlackTitle "FM"]
[WhiteElo "2420"]
[BlackElo "2109"]
[WhiteFideId "5026598"]
[BlackFideId "11200073"]
[EventDate "2014.08.20"]

1. e4 c5 2. b3 d6 3. Bb2 Nd7 4. f4 e5 5. Nf3 exf4 6. Bc4 Ngf6 7. O-O Be7 8. Nc3
O-O 9. Ne1 Ne5 10. Rxf4 Ng6 11. Rf1 Bg4 12. Nf3 Qd7 13. h3 Be6 14. Qe1 a6 15.
Bxe6 Qxe6 16. d4 cxd4 17. Nxd4 Qe5 18. Nd5 Kh8 19. Rf5 Qxe4 20. Qxe4 Nxe4 21.
Re1 Ng3 22. Nxe7 Nxf5 23. Ndxf5 f6 24. Nxd6 b5 25. Nc6 h6 26. Bd4 Kh7 27. c4
bxc4 28. bxc4 a5 29. c5 Ra6 30. Ne7 Rd8 31. Nxg6 Kxg6 32. a4 Rc6 33. Rb1 Rd7 34.
Rb5 Ra6 35. Kf2 Kg5 36. c6+ 1-0

[Event "21st Abu Dhabi Masters 2014"]
[Site "Abu Dhabi UAE"]
[Date "2014.08.23"]
[Round "3.26"]
[White "Karavade, Eesha"]
[Black "Kaboodi, Behrang"]
[Result "1-0"]
[WhiteTitle "IM"]
[WhiteElo "2392"]
[BlackElo "2060"]
[WhiteFideId "5012600"]
[BlackFideId "12504955"]
[EventDate "2014.08.20"]

1. c4 e5 2. g3 Nf6 3. Bg2 d5 4. cxd5 Nxd5 5. Nc3 Nb6 6. e3 Nc6 7. Nge2 Bg4 8. h3
Bh5 9. O-O f5 10. d4 Bd6 11. dxe5 Nxe5 12. Qc2 O-O 13. Nd4 Qd7 14. f4 Nec4 15.
b3 Na3 16. Qf2 Rfe8 17. Bxb7 c5 18. Bc6 Qc7 19. Bxe8 cxd4 20. Nb5 Nxb5 21. Bxb5
d3 22. Bxd3 Qc3 23. Qc2 Qxa1 24. Bb2 Qxa2 25. Ra1 Qxa1+ 26. Bxa1 Bg6 27. Bxf5
Rc8 1-0

[Event "21st Abu Dhabi Masters 2014"]
[Site "Abu Dhabi UAE"]
[Date "2014.08.23"]
[Round "3.27"]
[White "Hesham, Abdelrahman"]
[Black "Mayed, Al-Rashedi"]
[Result "1-0"]
[WhiteTitle "IM"]
[BlackTitle "FM"]
[WhiteElo "2387"]
[BlackElo "1859"]
[WhiteFideId "10600183"]
[BlackFideId "9303871"]
[EventDate "2014.08.20"]

1. d4 Nf6 2. c4 e6 3. g3 d5 4. Bg2 c6 5. Nf3 Nbd7 6. Nbd2 Bd6 7. O-O O-O 8. b3
e5 9. dxe5 Nxe5 10. cxd5 Nxd5 11. Bb2 Re8 12. Nxe5 Bxe5 13. Bxe5 Rxe5 14. Nc4
Re8 15. e4 Nb6 16. Nd6 Re7 17. a4 a5 18. Ra2 Be6 19. Rd2 Rd7 20. h3 Qc7 21. f4
Rad8 22. e5 Bd5 23. h4 Bxg2 24. Kxg2 Nd5 25. Rd3 Ne7 26. f5 Nc8 27. Rf2 f6 28.
Rfd2 fxe5 29. Nxb7 Rxd3 30. Nxd8 Rxd2+ 31. Qxd2 Ne7 32. Ne6 Qb6 33. Qg5 1-0

[Event "21st Abu Dhabi Masters 2014"]
[Site "Abu Dhabi UAE"]
[Date "2014.08.23"]
[Round "3.31"]
[White "Iniyan, P"]
[Black "De Ramos, Julius"]
[Result "0-1"]
[BlackTitle "FM"]
[WhiteElo "2048"]
[BlackElo "2342"]
[WhiteFideId "25002767"]
[BlackFideId "5200628"]
[EventDate "2014.08.20"]

1. e4 e6 2. d4 d5 3. Nc3 dxe4 4. Nxe4 Bd7 5. Nf3 Bc6 6. Bd3 Nd7 7. O-O Ngf6 8.
Qe2 Be7 9. Bf4 O-O 10. Rad1 Nxe4 11. Bxe4 Bxe4 12. Qxe4 c6 13. c4 Re8 14. Rfe1
Qa5 15. Qc2 Rac8 16. a3 Bf6 17. b4 Qh5 18. Re3 b5 19. c5 Qd5 20. Be5 a5 21. Nd2
Red8 22. Bd6 axb4 23. axb4 Qxd4 24. Rh3 h6 25. Rb3 Ra8 26. Ne4 Ra1 27. Rbb1 Rxb1
28. Qxb1 Qb2 29. Qxb2 Bxb2 30. Rd2 Nf6 31. Nxf6+ Bxf6 32. Bf4 Rd4 33. Rxd4 Bxd4
34. Bd2 f5 35. Kf1 e5 36. h3 Kf7 37. g4 fxg4 38. hxg4 Ke6 39. f3 Kd5 40. Ke2 Kc4
41. Be1 Bc3 42. Bg3 Kd5 0-1

[Event "21st Abu Dhabi Masters 2014"]
[Site "Abu Dhabi UAE"]
[Date "2014.08.23"]
[Round "3.32"]
[White "Pourkashiyan, Atousa"]
[Black "Al-Halila, Ayman"]
[Result "1-0"]
[WhiteTitle "WGM"]
[BlackTitle "IM"]
[WhiteElo "2352"]
[BlackElo "2161"]
[WhiteFideId "12502014"]
[BlackFideId "9400168"]
[EventDate "2014.08.20"]

1. e4 c6 2. d4 d5 3. Nd2 g6 4. Ngf3 Bg7 5. h3 Nh6 6. Be2 O-O 7. O-O dxe4 8. Nxe4
Nd7 9. c3 Qc7 10. Re1 e5 11. dxe5 Nxe5 12. Nxe5 Qxe5 13. Bc4 Qc7 14. Bxh6 Bxh6
15. Nf6+ Kh8 16. Qd4 Qf4 17. Re4 Qd2 18. Qxd2 Bxd2 19. Rd1 Bg5 20. Nd7 Rd8 21.
Red4 Kg7 22. g3 b6 23. h4 Be7 24. Ne5 Rxd4 25. cxd4 c5 26. dxc5 Bxc5 27. Rd8 Bb7
28. Rd7 Re8 29. Rxf7+ Kh8 30. Nxg6+ hxg6 31. Rxb7 Rf8 32. Rf7 Rxf7 33. Bxf7 Kg7
34. Be8 Kh6 35. Kg2 g5 36. hxg5+ Kxg5 37. f4+ Kg4 38. Bd7+ Kh5 39. Kf3 1-0

[Event "21st Abu Dhabi Masters 2014"]
[Site "Abu Dhabi UAE"]
[Date "2014.08.23"]
[Round "3.33"]
[White "Estremera Panos, Sergio"]
[Black "Ayyad, Husain"]
[Result "1-0"]
[WhiteTitle "IM"]
[BlackTitle "FM"]
[WhiteElo "2346"]
[BlackElo "2146"]
[WhiteFideId "2200864"]
[BlackFideId "11200243"]
[EventDate "2014.08.20"]

1. d4 Nf6 2. c4 e6 3. Nc3 b6 4. e4 Bb7 5. Bd3 Bb4 6. f3 c5 7. d5 d6 8. Ne2 Nbd7
9. a3 Bxc3+ 10. Nxc3 Ne5 11. Be2 exd5 12. cxd5 O-O 13. O-O a6 14. a4 Ng6 15. Be3
Re8 16. Qd2 Qe7 17. Rab1 a5 18. Bb5 Red8 19. Rbe1 h6 20. b3 Rab8 21. Kh1 Bc8 22.
Bg1 Ne8 23. f4 Nc7 24. Bc4 Qf8 25. h3 Re8 26. Bh2 Ba6 27. e5 Bxc4 28. bxc4 f5
29. Qd3 Rbd8 30. Qb1 Na8 31. Nb5 Rd7 32. exd6 Rxe1 33. Rxe1 Qf7 34. Re6 Nf8 35.
Re5 g6 36. Qe1 Rd8 37. Re7 Qf6 38. Qe5 Nh7 39. Rxh7 1-0

[Event "21st Abu Dhabi Masters 2014"]
[Site "Abu Dhabi UAE"]
[Date "2014.08.23"]
[Round "3.34"]
[White "Fenil, Shah"]
[Black "Ram, Aravind L N"]
[Result "1-0"]
[BlackTitle "FM"]
[WhiteElo "2286"]
[BlackElo "2119"]
[WhiteFideId "5019850"]
[BlackFideId "25033760"]
[EventDate "2014.08.20"]

1. e4 c5 2. Nf3 e6 3. d4 cxd4 4. Nxd4 a6 5. Bd3 Bc5 6. Nb3 Be7 7. c4 d6 8. Nc3
Nf6 9. O-O Qc7 10. Qe2 O-O 11. Nd4 Nbd7 12. b3 b5 13. Bb2 b4 14. Na4 Bb7 15. a3
Nc5 16. Nxc5 dxc5 17. Nc2 a5 18. e5 Nd7 19. f4 g6 20. Ne3 Rfd8 21. a4 Bf8 22.
Ng4 Bg7 23. Nf2 Nb8 24. Qe3 Nc6 25. Qxc5 Bf8 26. Qe3 Nd4 27. Be4 Bc5 28. Bxb7
Qxb7 29. Kh1 Rac8 30. Rad1 Qb6 31. Ne4 Nf5 32. Rxd8+ Qxd8 33. Qf3 Bd4 34. Rd1
Qb6 35. Bxd4 Nxd4 36. Qe3 Rd8 37. Nd6 1-0

[Event "21st Abu Dhabi Masters 2014"]
[Site "Abu Dhabi UAE"]
[Date "2014.08.23"]
[Round "3.38"]
[White "Mahdavirad, Mehdi"]
[Black "Sultan, Ibrahim"]
[Result "1-0"]
[BlackTitle "FM"]
[WhiteElo "2276"]
[BlackElo "2023"]
[WhiteFideId "12502669"]
[BlackFideId "9301143"]
[EventDate "2014.08.20"]

1. b3 d5 2. Bb2 Bf5 3. Nf3 h6 4. d3 Nf6 5. Nbd2 e6 6. e3 Be7 7. h3 Nc6 8. a3 Bh7
9. g4 Bd6 10. b4 e5 11. b5 Ne7 12. Nxe5 O-O 13. Bg2 c6 14. bxc6 bxc6 15. O-O Qc7
16. Nef3 Nd7 17. Qe2 f5 18. g5 h5 19. Nd4 Nc5 20. Qxh5 Bg6 21. Qe2 Rfb8 22. Bc1
Qd7 23. f4 Kf7 24. a4 Rh8 25. Qf2 Raf8 26. Ba3 Ke8 27. N2f3 Qc7 28. Bxc5 Bxc5
29. Ne6 Qd6 30. Nxf8 Rxf8 31. d4 Bb4 32. Ne5 Bh5 33. Rab1 g6 34. Rb3 Nc8 35.
Rfb1 Ba5 36. c4 Ke7 37. Rb7+ Ke6 38. c5 Qd8 39. Nxc6 1-0

[Event "21st Abu Dhabi Masters 2014"]
[Site "Abu Dhabi UAE"]
[Date "2014.08.23"]
[Round "3.39"]
[White "Marwan, Abdulwahab"]
[Black "Faraj, Yahya"]
[Result "1/2-1/2"]
[WhiteTitle "FM"]
[BlackTitle "FM"]
[WhiteElo "2070"]
[BlackElo "2247"]
[WhiteFideId "9301410"]
[BlackFideId "9400184"]
[EventDate "2014.08.20"]

1. e4 e5 2. Nf3 Nc6 3. Bb5 Nf6 4. O-O d6 5. d4 exd4 6. Nxd4 Bd7 7. Re1 Be7 8.
Nc3 O-O 9. h3 a6 10. Bf1 Re8 11. Nd5 Nxd5 12. Nxc6 Bxc6 13. exd5 Bd7 14. Be3 Bf6
15. c3 Bb5 16. a4 Bxf1 17. Kxf1 Qd7 18. Qd3 Re5 19. b3 Rae8 20. Bf4 R5e7 21. Bd2
Be5 22. Bg5 f6 23. Bd2 g5 24. Re3 Kg7 25. Rae1 h6 26. c4 b6 27. Bc3 a5 28. Bxe5
Rxe5 29. Rxe5 Rxe5 30. Rxe5 1/2-1/2

[Event "21st Abu Dhabi Masters 2014"]
[Site "Abu Dhabi UAE"]
[Date "2014.08.23"]
[Round "3.40"]
[White "Khouri, Ahmed Abbas"]
[Black "Siva, Mahadevan"]
[Result "0-1"]
[WhiteTitle "FM"]
[WhiteElo "2032"]
[BlackElo "2173"]
[WhiteFideId "9301518"]
[BlackFideId "25043153"]
[EventDate "2014.08.20"]

1. e4 c5 2. Nf3 d6 3. d4 cxd4 4. Nxd4 Nf6 5. Nc3 Nc6 6. Bc4 Qb6 7. Nb3 e6 8. O-O
Be7 9. Be3 Qc7 10. f4 a6 11. Bd3 b5 12. Qf3 Bb7 13. Qh3 0-1

[Event "21st Abu Dhabi Masters 2014"]
[Site "Abu Dhabi UAE"]
[Date "2014.08.23"]
[Round "4.1"]
[White "Kryvoruchko, Yuriy"]
[Black "Vidit, Santosh Gujrathi"]
[Result "1/2-1/2"]
[WhiteTitle "GM"]
[BlackTitle "GM"]
[WhiteElo "2708"]
[BlackElo "2602"]
[WhiteFideId "14109182"]
[BlackFideId "5029465"]
[EventDate "2014.08.20"]

1. e4 e5 2. Nf3 Nf6 3. Nxe5 d6 4. Nf3 Nxe4 5. Nc3 Nf6 6. d4 Be7 7. Bd3 O-O 8.
O-O Bg4 9. h3 Bh5 10. g4 Bg6 11. Bxg6 hxg6 12. Re1 c6 13. d5 Nbd7 14. Bf4 c5 15.
Qd3 a6 16. a4 Re8 17. Nd2 Bf8 18. Rxe8 Qxe8 19. g5 Nh5 20. Bh2 Ne5 21. Qe3 b5
22. f4 b4 23. Nd1 Nd7 24. Nc4 f6 25. Qe6+ Qxe6 26. dxe6 Nb8 27. Na5 Ra7 28. Nf2
Rc7 29. c4 f5 30. Re1 Be7 31. Nd1 Nc6 32. Nxc6 Rxc6 33. Ne3 a5 34. Nd5 Kf8 35.
Kf2 Ke8 36. Kf3 Rc8 37. Bg1 Rc6 38. Be3 Rc8 39. Bc1 Rc6 40. b3 Rc8 41. Bb2 Kf8
42. Ne3 Kg8 43. Ng2 1/2-1/2

[Event "21st Abu Dhabi Masters 2014"]
[Site "Abu Dhabi UAE"]
[Date "2014.08.23"]
[Round "4.3"]
[White "Kuzubov, Yuriy"]
[Black "Iordachescu, Viorel"]
[Result "1/2-1/2"]
[WhiteTitle "GM"]
[BlackTitle "GM"]
[WhiteElo "2667"]
[BlackElo "2589"]
[WhiteFideId "14112906"]
[BlackFideId "13900200"]
[EventDate "2014.08.20"]

1. e4 c6 2. Nc3 d5 3. Nf3 Bg4 4. h3 Bxf3 5. Qxf3 Nf6 6. d3 e6 7. a3 Nbd7 8. g3
Qa5 9. Bd2 Qb6 10. Nd1 Bd6 11. Bg2 O-O 12. O-O a5 13. Kh1 Qa6 14. Re1 Rfd8 15.
Bf1 b5 16. Bg5 Bc7 17. Qe2 e5 18. exd5 cxd5 19. d4 exd4 20. Qxb5 Qxb5 21. Bxb5
h6 22. Bxf6 Nxf6 23. Kg2 Rab8 24. Bd3 Kf8 25. Rc1 Bd6 26. Re2 Nd7 27. a4 Nc5 28.
Bb5 Ne6 29. f4 Rb6 30. Ra1 Nc7 31. Bd3 Ne6 1/2-1/2

[Event "21st Abu Dhabi Masters 2014"]
[Site "Abu Dhabi UAE"]
[Date "2014.08.23"]
[Round "4.4"]
[White "Istratescu, Andrei"]
[Black "Parligras, Mircea-Emilian"]
[Result "1/2-1/2"]
[WhiteTitle "GM"]
[BlackTitle "GM"]
[WhiteElo "2656"]
[BlackElo "2574"]
[WhiteFideId "1200372"]
[BlackFideId "1204297"]
[EventDate "2014.08.20"]

1. Nf3 d5 2. g3 Nf6 3. Bg2 c5 4. O-O e6 5. d4 cxd4 6. Nxd4 e5 7. Nb3 Be6 8. c4
Nc6 9. cxd5 Bxd5 10. Bg5 Bxg2 11. Kxg2 Qxd1 12. Rxd1 Ne4 13. Be3 Rd8 14. Rc1 Be7
15. Na3 O-O 16. Nc4 Rd5 17. f3 Nd6 18. Nxd6 Bxd6 19. Kf2 Rd8 20. Bc5 Kf8 21.
Bxd6+ R8xd6 22. Nc5 Rh6 23. h4 Rd2 24. Nd3 Nd4 25. Rc8+ Ke7 26. Re1 Rc6 27. Rxc6
Nxc6 28. Ke3 Rc2 29. Rc1 Rxc1 30. Nxc1 f5 31. Nd3 Kd6 32. g4 1/2-1/2